| 000 | 01674nam a2200385 c 4500 | ||
|---|---|---|---|
| 003 | BLK | ||
| 005 | 20181217141146.0 | ||
| 008 | 180409b bul|||||r ||||||| ||bul|| | ||
| 010 | _aKNG00140486000 | ||
| 020 |
_a978-954-28-0986-9 _bиздат.: Сиела Норма - (грешен) |
||
| 040 | _aBLK | ||
| 041 |
_aBUL _cBUL |
||
| 072 | 7 |
_2bullib _aН35 _xОбществено управление. Военни науки Н |
|
| 080 |
_aОсновни задачи на общественото управление _b351 _x:342.9(497.2)(094.9) _z351:342.9(497.2)(094.9) |
||
| 700 | 1 |
_aКостов, Димитър Илиев _eсъстав. _9364397 |
|
| 710 | 1 |
_aБългария. Закони и др. п. _9243213 |
|
| 139 |
_aБългария. Закони и др. п. _bБ 92 |
||
| 245 | 1 | 0 |
_aАдминистративно право и административен процес _bСб. нормат. актове _cсъстав. Димитър Илиев Костов. |
| 250 | _a3. изд. | ||
| 257 | _aBGR | ||
| 260 |
_аСофия _bСиела Норма _c2012 |
||
| 300 |
_a784 с. _c20 см |
||
| 380 | _a3 | ||
| 500 | _a1. изд. 2009. | ||
| 650 | 4 |
_aАдминистративно право - България - законодателни и директивни материали _9244950 |
|
| 651 | 4 |
_aБългария _9241624 |
|
| 653 | _aадминистративно право | ||
| 653 | _aнормативни документи | ||
| 659 | _aН | ||
| 852 | _aЦб 258677 | ||
| 856 | 4 |
_qpdf _u |
|
| 856 | 4 |
_qpdf _u |
|
| 942 |
_cKNG _n0 _02 |
||
| 944 |
_aCR _c08.03.2013 _lф / _kВиолета_Тройчева |
||
| 944 |
_aED _c17.07.2015 _lф / _kЛюдмила_Стоянова |
||
| 999 |
_c134572 _d134572 |
||